000 00599 a2200181 4500
999 _c10490
_d10490
020 _a9783803032126
020 _a3803032121
050 0 0 _aNK2554. HOF 2011
100 1 _aHoffmann, Mathias,
_d1954-
245 1 0 _aLiving emotions :
_bMathias Hoffmann Design /
_cMathias Hoffmann
264 _a
_b Wasmuth Verlag,
_c 2011
300 _a335 p. :
_bcol. ill. ;
500 _aNo index
650 0 _aFurniture design
_xHistory
942 _2lcc
_cBK
_h2554
_iHOF
_kNK